[Event "HUN-chT2 Toth 1819"]
[Site "Hungary"]
[Date "2019.03.10"]
[Round "9.2"]
[White "Horvath, Jozsef2222"]
[Black "Muhari, Istvan"]
[Result "1/2-1/2"]
[WhiteElo "2081"]
[BlackElo "2204"]
[PlyCount "71"]
[EventDate "2018.09.23"]
[EventType "team-tourn"]
[EventRounds "11"]
[EventCountry "HUN"]
[SourceTitle "EXT 2021"]
[Source "ChessBase"]
[SourceDate "2020.10.23"]
[SourceVersion "1"]
[SourceVersionDate "2020.10.23"]
[SourceQuality "1"]
[WhiteTeam "Kecskemet Takisz"]
[BlackTeam "Ujszasz"]
[WhiteTeamCountry "HUN"]
[BlackTeamCountry "HUN"]

1. c4 e6 2. g3 d5 3. d3 Nf6 4. Bg2 Be7 5. Nf3 0-0 6. 0-0 c5 7. Bg5 Nc6 8. Qc1 b6 9. Rd1 Bb7 10. Nbd2 h6 11. Bxf6 Bxf6 12. Rb1 g5 13. h3 Bg7 14. Nf1 f5 15. N1h2 Qf6 16. a3 Ne7 17. Qc2 Ng6 18. e3 h5 19. Rf1 g4 20. Ne1 Bh6 21. hxg4 hxg4 22. b4 cxb4 23. Rxb4 Rf7 24. cxd5 exd5 25. Qb3 Rd8 26. Rb5 Ne7 27. e4 dxe4 28. dxe4 Ba6 29. exf5 Bxb5 30. Nxg4 Qg5 31. f6 Ng6 32. Nxh6+ Qxh6 33. Qxb5 Rxf6 34. Nc2 Qd2 35. Ne3 Kg7 36. Be4 1/2-1/2

[Event "HUN-chT2 Toth 1718"]
[Site "Hungary"]
[Date "2017.11.26"]
[Round "4.2"]
[White "Horvath, Jozsef2222"]
[Black "Muhari, Istvan"]
[Result "1/2-1/2"]
[WhiteElo "2083"]
[BlackElo "2223"]
[PlyCount "27"]
[EventDate "2017.09.24"]
[EventType "team-tourn"]
[EventRounds "11"]
[EventCountry "HUN"]
[SourceTitle "EXT 2021"]
[Source "ChessBase"]
[SourceDate "2020.10.23"]
[SourceVersion "1"]
[SourceVersionDate "2020.10.23"]
[SourceQuality "1"]
[WhiteTeam "Kecskemet Takisz"]
[BlackTeam "Ujszasz"]
[WhiteTeamCountry "HUN"]
[BlackTeamCountry "HUN"]

1. c4 e5 2. Nc3 Nf6 3. Nf3 Nc6 4. g3 Bc5 5. Bg2 d6 6. 0-0 Be6 7. d3 h6 8. Na4 Bb6 9. b3 0-0 10. Bb2 Qd7 11. Nxb6 axb6 12. d4 exd4 13. Nxd4 Nd8 14. Nb5 1/2-1/2

[Event "HUN-chT2 Toth 1718"]
[Site "Hungary"]
[Date "2017.10.08"]
[Round "2.2"]
[White "Czegledi, Zsolt"]
[Black "Muhari, Istvan"]
[Result "0-1"]
[WhiteElo "2160"]
[BlackElo "2223"]
[PlyCount "96"]
[EventDate "2017.09.24"]
[EventType "team-tourn"]
[EventRounds "11"]
[EventCountry "HUN"]
[SourceTitle "EXT 2021"]
[Source "ChessBase"]
[SourceDate "2020.10.23"]
[SourceVersion "1"]
[SourceVersionDate "2020.10.23"]
[SourceQuality "1"]
[WhiteTeam "Kecskemet Toth Laszlo II"]
[BlackTeam "Ujszasz"]
[WhiteTeamCountry "HUN"]
[BlackTeamCountry "HUN"]

1. d4 d5 2. c4 e6 3. Nf3 Nf6 4. Nc3 Be7 5. Bg5 Nbd7 6. e3 0-0 7. cxd5 exd5 8. Bd3 c6 9. Qc2 h6 10. Bh4 Re8 11. 0-0 Ne4 12. Bxe7 Qxe7 13. Rae1 f5 14. Nd2 Ndf6 15. f3 Nxd2 16. Qxd2 Be6 17. a3 b5 18. Qc2 b4 19. Na4 bxa3 20. bxa3 Nd7 21. Qc3 Rac8 22. Rc1 Qf6 23. Ba6 Rb8 24. f4 Bf7 25. Rfe1 c5 26. dxc5 Qxa6 27. Nb2 Rec8 28. Nd3 Qc4 29. Qd2 Qa4 30. Rc2 Nf6 31. Ne5 Qxa3 32. c6 Rc7 33. Rec1 Ne4 34. Qe2 Rb3 35. Re1 Rc3 36. Rxc3 Qxc3 37. Rb1 Nd6 38. Rd1 Be6 39. h3 Nf7 40. Rd3 Qc1+ 41. Rd1 Qc5 42. Nf3 Rxc6 43. Nd4 Rb6 44. Qh5 Qc8 45. Rf1 Nd6 46. g4 Qc3 47. gxf5 Qxe3+ 48. Kh1 Bf7 0-1

[Event "HUN-chT2 Toth 1617"]
[Site "Hungary"]
[Date "2016.09.25"]
[Round "1.2"]
[White "Egyed, Gabor"]
[Black "Muhari, Istvan"]
[Result "0-1"]
[WhiteElo "2105"]
[BlackElo "2242"]
[PlyCount "110"]
[EventDate "2016.09.25"]
[EventType "team-tourn"]
[EventRounds "11"]
[EventCountry "HUN"]
[SourceTitle "EXT 2021"]
[Source "ChessBase"]
[SourceDate "2020.10.23"]
[SourceVersion "1"]
[SourceVersionDate "2020.10.23"]
[SourceQuality "1"]
[WhiteTeam "Karcag"]
[BlackTeam "Ujszasz"]
[WhiteTeamCountry "HUN"]
[BlackTeamCountry "HUN"]

1. e4 b6 2. d4 Bb7 3. Nc3 e6 4. a3 Ne7 5. Bd3 d5 6. e5 c5 7. Bg5 Qd7 8. Bxe7 Bxe7 9. Qg4 g6 10. Bb5 Bc6 11. Be2 h5 12. Qf4 a6 13. Rd1 cxd4 14. Qxd4 Bc5 15. Qf4 Qc7 16. Nf3 Nd7 17. 0-0 Rg8 18. Bd3 Be7 19. h4 Nc5 20. Ne2 Rg7 21. Ned4 Bb7 22. Rc1 b5 23. Rfe1 Na4 24. Rb1 Nb6 25. Ng5 Bxg5 26. Qxg5 Qe7 27. Qh6 Rg8 28. g3 0-0-0 29. Bf1 Nd7 30. Qe3 Kb8 31. a4 bxa4 32. Bxa6 Qb4 33. c3 Qb6 34. Bxb7 Kxb7 35. b3 a3 36. Ra1 Ra8 37. Qc1 Rgc8 38. Re3 a2 39. Qb2 Qa5 40. Nc2 Nb6 41. Rd3 Qb5 42. Nb4 Nd7 43. f4 Nc5 44. Rd4 Ne4 45. Nxa2 Qc5 46. Kg2 Nxc3 47. Rd3 Ne4 48. Rad1 Qc2+ 49. R3d2 Nxd2 50. Rxd2 Qxb2 51. Rxb2 Rc5 52. b4 Rc4 53. b5 Ra3 54. Kh2 Kb6 55. Kh3 Rxf4 0-1

[Event "HUN-chT2 Toth 1415"]
[Site "Hungary"]
[Date "2014.11.30"]
[Round "5.2"]
[White "Olah, Gabor Mihaly"]
[Black "Muhari, Istvan"]
[Result "1-0"]
[WhiteElo "2008"]
[BlackElo "2246"]
[PlyCount "85"]
[EventDate "2014.09.07"]
[EventType "team-tourn"]
[EventRounds "11"]
[EventCountry "HUN"]
[SourceTitle "EXT 2016"]
[Source "ChessBase"]
[SourceDate "2015.10.08"]
[SourceVersion "1"]
[SourceVersionDate "2015.10.08"]
[SourceQuality "1"]
[WhiteTeam "Bekes"]
[BlackTeam "Ujszasz"]
[WhiteTeamCountry "HUN"]
[BlackTeamCountry "HUN"]

1. d4 Nf6 2. c4 g6 3. Nc3 Bg7 4. e4 d6 5. f3 0-0 6. Be3 Nc6 7. Nge2 Re8 8. Qd2 Rb8 9. h4 a6 10. g4 e5 11. d5 Na5 12. Ng3 c5 13. h5 Rf8 14. g5 Nd7 15. Qh2 Re8 16. hxg6 hxg6 17. Qh7+ Kf8 18. Be2 b5 19. cxb5 c4 20. Kf2 axb5 21. Kg2 Nc5 22. Raf1 Nd3 23. Bxd3 cxd3 24. b3 b4 25. Nb1 Nb7 26. f4 Nc5 27. fxe5 Rxe5 28. Qxg6 Qe7 29. Nh5 Bf5 30. Qxg7+ Ke8 31. Nf6+ Kd8 32. Rh8+ Kc7 33. Rxf5 Rxf5 34. Rxb8 Kxb8 35. exf5 Qxe3 36. Qf8+ Kb7 37. Qxd6 Qxg5+ 38. Kh2 Na6 39. Qd7+ Kb6 40. Qc6+ Ka7 41. Qd7+ Kb6 42. Qc6+ Ka7 43. Qd7+ 1-0

[Event "HUN-chT2 Toth 1314"]
[Site "Hungary"]
[Date "2014.04.13"]
[Round "10.2"]
[White "Muhari, Istvan"]
[Black "Horvath, Jozsef2222"]
[Result "1-0"]
[WhiteElo "2257"]
[BlackElo "2122"]
[PlyCount "55"]
[EventDate "2013.09.08"]
[EventType "team-tourn"]
[EventRounds "11"]
[EventCountry "HUN"]
[SourceTitle "EXT 2016"]
[Source "ChessBase"]
[SourceDate "2015.10.08"]
[SourceVersion "1"]
[SourceVersionDate "2015.10.08"]
[SourceQuality "1"]
[WhiteTeam "Ujszasz"]
[BlackTeam "Kecskemet Takisz"]
[WhiteTeamCountry "HUN"]
[BlackTeamCountry "HUN"]

1. e4 c5 2. c3 e6 3. d4 a6 4. Nf3 Qc7 5. Bd3 d6 6. 0-0 Nd7 7. Be3 b6 8. Nbd2 Bb7 9. h3 Be7 10. Nh2 Ngf6 11. f4 b5 12. a4 c4 13. Bc2 Nb6 14. axb5 axb5 15. Rxa8+ Nxa8 16. Ng4 Nd7 17. Bf2 Nab6 18. Ne3 d5 19. f5 e5 20. Bg3 Bd6 21. Qg4 Bf8 22. Re1 h5 23. Qf3 dxe4 24. Bxe4 Bxe4 25. Qxe4 f6 26. Nf3 Bd6 27. Nd5 Qb8 28. Nxb6 1-0

[Event "HUN-chT2 Erkel 1011"]
[Site "Hungary"]
[Date "2011.04.10"]
[Round "8.5"]
[White "Muhari, Istvan"]
[Black "Molnar, Jozsef"]
[Result "1-0"]
[WhiteElo "2226"]
[BlackElo "2159"]
[PlyCount "97"]
[EventDate "2010.09.12"]
[EventType "team-tourn"]
[EventRounds "11"]
[EventCountry "HUN"]
[SourceTitle "EXT 2012"]
[Source "ChessBase"]
[SourceDate "2011.11.24"]
[SourceVersion "1"]
[SourceVersionDate "2011.11.24"]
[SourceQuality "1"]
[WhiteTeam "Ujszasz"]
[BlackTeam "Barcza"]
[WhiteTeamCountry "HUN"]
[BlackTeamCountry "HUN"]

1. e4 e6 2. e5 d5 3. exd6 cxd6 4. d4 Nf6 5. Nf3 Nc6 6. c3 h6 7. Bd3 d5 8. 0-0 Bd6 9. b3 0-0 10. Bb2 b6 11. Nbd2 Bb7 12. Rc1 Rc8 13. Re1 Bf4 14. g3 Bb8 15. Bf1 a6 16. Bg2 b5 17. Ne5 Qa5 18. Nd3 Ba7 19. b4 Qb6 20. Nb3 Ne8 21. Nbc5 Rc7 22. a4 Bb8 23. a5 Qa7 24. Rc2 Nf6 25. Bc1 Ne7 26. Bf4 Ng6 27. Bxc7 Bxc7 28. Nxb7 Qxb7 29. Nc5 Qc6 30. Qd3 Ne7 31. Rce2 Bd6 32. Bh3 Bxc5 33. dxc5 Qc7 34. f4 Nc6 35. Bg2 Rd8 36. Qf3 Ne7 37. g4 d4 38. Rd2 dxc3 39. Qxc3 Ned5 40. Qe5 Qc8 41. g5 hxg5 42. fxg5 Nd7 43. Qd4 Nb8 44. g6 Nc6 45. gxf7+ Kxf7 46. Rf2+ Kg8 47. Qe4 Ndxb4 48. Qg6 Qd7 49. Be4 1-0

[Event "HUN-chT2 Erkel 0910"]
[Site "Hungary"]
[Date "2010.02.28"]
[Round "7.6"]
[White "Muhari, Istvan"]
[Black "Tomosvary, Attila"]
[Result "1-0"]
[WhiteElo "2195"]
[BlackElo "2126"]
[PlyCount "111"]
[EventDate "2009.11.08"]
[EventType "team-tourn"]
[EventRounds "11"]
[EventCountry "HUN"]
[SourceTitle "EXT 2011"]
[Source "ChessBase"]
[SourceDate "2010.11.26"]
[SourceVersion "1"]
[SourceVersionDate "2010.11.26"]
[SourceQuality "1"]
[WhiteTeam "Ujszasz"]
[BlackTeam "Vizugy"]
[WhiteTeamCountry "HUN"]
[BlackTeamCountry "HUN"]

1. e4 g6 2. d4 Bg7 3. c4 c5 4. d5 d6 5. Be2 Nf6 6. Nc3 Na6 7. Be3 Nc7 8. h3 0-0 9. Qd2 Re8 10. f4 a6 11. a4 Rb8 12. a5 b5 13. axb6 Rxb6 14. e5 Nd7 15. Nf3 Rb8 16. 0-0 Bf8 17. Ne4 Nb6 18. Rad1 Bf5 19. Ng3 Bd7 20. f5 Bg7 21. e6 fxe6 22. fxe6 Ba4 23. Rb1 Bb3 24. Bh6 Bf6 25. Qf4 Nxc4 26. Bxc4 Rb4 27. Nd2 Nxd5 28. Qf3 Bxc4 29. Nxc4 Rxc4 30. Qxd5 Rd4 31. Qf3 d5 32. Ne2 Re4 33. Nc3 Re5 34. Rbd1 d4 35. Ne4 Rxe6 36. Nxc5 Rb6 37. Qe2 Qd5 38. Ne4 Re6 39. Nxf6+ exf6 40. Qf3 Qxf3 41. Rxf3 Rd6 42. Rfd3 Re4 43. Be3 Kf7 44. Bxd4 g5 45. Bc3 Rxd3 46. Rxd3 Re6 47. Rd7+ Kg6 48. Kf2 Rc6 49. Ke3 h5 50. Kd4 Kf5 51. Kd5 Rb6 52. Rd6 Rb5+ 53. Kc4 Kf4 54. Rxa6 Rb8 55. Rxf6+ Kg3 56. Rg6 1-0